[Event "EU-Cup 20th"]
[Site "Izmir"]
[Date "2004.10.08"]
[Round "6.1"]
[White "Goloshchapov, Alexander"]
[Black "Mamedyarov, Shakhriyar"]
[Result "0-1"]
[WhiteElo "2566"]
[BlackElo "2660"]
[Annotator "Postny,E"]
[PlyCount "78"]
[EventDate "2004.10.03"]
[EventType "team-swiss"]
[EventRounds "7"]
[EventCountry "TUR"]
[SourceTitle "CBM 104"]
[Source "ChessBase"]
[SourceDate "2005.01.27"]
[SourceVersion "1"]
[SourceVersionDate "2005.01.27"]
[SourceQuality "1"]
[WhiteTeam "Eynatten"]
[BlackTeam "Istanbul Eczacibasi"]
[WhiteTeamCountry "BEL"]
[BlackTeamCountry "TUR"]

1. e4 e5 2. Nf3 Nc6 3. Bb5 a6 4. Ba4 Nf6 5. O-O Nxe4 6. d4 b5 7. Bb3 d5 8. dxe5
Be6 9. Qe2 {This variation is a rare guest on top level nowadays and
considered to be not dangerous for black.} ({More popular nowadays:} 9. Nbd2) (
9. Be3) 9... Be7 10. Rd1 Na5 {A rare, but playable continuation. Black wants
to prevent the advance c2-c4.} ({The main line goes with} 10... O-O 11. c4 bxc4
12. Bxc4) 11. Nbd2 Nxb3 12. axb3 {The "a" file is opened to white's favour,
but it does not really yield white an advantage.} Nxd2 13. Bxd2 O-O (13... c5
$2 14. Rxa6 $1 {[%csl Rb5][%cal Ge2b5] 1-0 Gdanski,J-Grabarczyk,B/Sopot 1997/
CBM 59 (32)}) 14. Nd4 {'N?!' After this move white is already fighting for the
equality. The only chance to fight for a minimal advantage is 14.b4, trying to
fix the opponent's pawnstructure on the queenside.} (14. b4 c5 (14... Bg4 15.
h3 Bh5 16. Bc3 Qd7 17. g4 Bg6 18. Nd4 Bh4 19. f4 Be4 20. Nb3 Qc6 21. Nc5 Be7
22. Nxe4 dxe4 23. Rd4 $16 {1-0 Lazic,D-Ignjatovic,P/Svetozarevo 1990/EXT 97 
(51)}) (14... Qd7 15. Nd4 Rfc8 16. Ra3 c5 17. Nxe6 Qxe6 18. bxc5 Bxc5 19. Rd3
a5 $11 {1/2-1/2 Palermo,V-Piazzini,L/Buenos Aires 1959/MCD (36)}) 15. bxc5 Bxc5
16. b4 Be7 17. Nd4 Qd7 18. Ra3 Rfc8 19. Rg3 Bh4 20. Rd3 Rc4 21. c3 $14 {
1/2-1/2 Lauridsen,J-Yahya,M/Abu Dhabi UAE 2004/The Week in Chess 511 (44)})
14... c5 15. Nc6 (15. Nxe6 fxe6 16. c4 Qe8 {and black is at least not worse.})
15... Qc7 16. Nxe7+ Qxe7 17. b4 {'!' Correctly simplifying the position and
getting control over the dark squares.} cxb4 18. Qe1 a5 19. Rxa5 {The point of
17.b4.} Rxa5 20. Bxb4 Qc7 21. Bxa5 Qxc2 22. Qd2 Rc8 23. Qxc2 Rxc2 24. Bc3 h5 {
The endgame has strong drawish tendencies, but black still has slight pressure
thanks to his active rook.} 25. f3 b4 26. Bxb4 Rxb2 27. Ba5 Kh7 28. Rd2 Rb5 29.
Bc3 Rb3 30. Bd4 g5 {Black is trying to squeeze something out of nothing, and
eventually his efforts were not in vain...} 31. h3 Kg6 32. Kf2 h4 33. Be3 Kf5
34. Rd1 Rc3 35. Rd2 Ra3 36. Rd1 {'?!' Not a mistake, but a prelude... There
was no reason to move the rook from the second rank.} Ra2+ 37. Rd2 {'??'
Falling into a trap.} (37. Kf1 $11) 37... d4 {'!' This small touch finishes
the game on the spot. Black is winning a full piece.} 38. Rxa2 dxe3+ 39. Kxe3
Bxa2 $19 0-1

[Event "Moscow Tal Memorial 7th"]
[Site "Moscow"]
[Date "2012.06.08"]
[Round "1"]
[White "Morozevich, Alexander"]
[Black "Caruana, Fabiano"]
[Result "1-0"]
[WhiteElo "2769"]
[BlackElo "2770"]
[Annotator "Ramirez Alvarez,A"]
[PlyCount "111"]
[EventDate "2012.06.08"]
[EventType "tourn"]
[EventRounds "9"]
[EventCountry "RUS"]
[EventCategory "22"]
[SourceTitle "CBM 149"]
[Source "ChessBase"]
[SourceDate "2012.07.17"]
[SourceVersion "1"]
[SourceVersionDate "2012.07.17"]
[SourceQuality "1"]

1. e4 e5 2. Nf3 Nc6 3. Bb5 a6 4. Ba4 Nf6 5. O-O Nxe4 6. d4 b5 7. Bb3 d5 8. dxe5
Be6 9. Qe2 {Not a common move in this tabiya. Makes sense though! White
prepares to move his rook to d1 and pressure d5.} Be7 10. Rd1 Na5 11. c3 {
And we're out of book. Morozevich will always make sure that will happen early;
even if he plays one of the main lines of chess.} Nxb3 12. axb3 O-O 13. Nd4 Qe8
14. f3 Nc5 15. b4 Nb7 16. Be3 Bd7 17. Na3 c6 18. Nac2 {White has achieved a
slight edge. He has a nice central control, better pawn structure and his
pieces are well coordinated for the most part. Black would like to open the
position for his bishops but it does not seem easy.} a5 19. f4 Qc8 20. h3 Re8
21. Bf2 Bf8 22. Qf3 Ra6 {It's possible that this inaccurate move is the start
of Black's problems. In essence, Black does not have enough resources to
occupy the a-file, which means that his rook will be stuck on a6,
discoordinated with the other one on e8. This will be important later as the
rook is unable to transfer in time to the kingside.} (22... axb4 23. Rxa8 Qxa8
24. cxb4 (24. Nxb4 $6 Nc5 $15 {[%csl Ye4][%cal Gc5e4]}) 24... Qc8 {is slightly
unpleasant but perfectly playable. Black will continue Nd8-e6 maybe attempting
a c5 at some point.}) 23. Ne3 Qa8 24. Ndc2 Qd8 (24... axb4 25. Rxa6 Qxa6 26.
Ra1 $16 {is the reason why Black can't favorably open the a-file. Since Black
can't really ever do this his battery there seems pointless.}) 25. bxa5 Nc5 (
25... Rxa5 26. b4 Rxa1 27. Rxa1 {and the control of the file is very nice for
White. This line is very similar to one considered above (after 22... axb4)
but in this case of course the structure is better for Whtie and the advatange
undisputed.}) 26. b4 Ne4 27. Rd3 {Black sacrificed a pawn to obtain a strong
knight on e4. This gives him a few resources, as now it makes sense for him to
try to break in the center. However the pawn is strong and passed. Black has
chances, but White should be better.} f6 28. Bh4 (28. exf6 Qxf6 {just seems
too normal of a continuation for Morozevich, but it was probably the best
alternative.}) 28... g5 {Black had to try something crazy at some point. He is
forced to because if the game remains closed, he will never be able to
activate his bishops.} 29. fxg5 (29. Rad1 $5 gxh4 30. Nxd5 cxd5 31. Rxd5 Ra7
32. Qxe4 {gets a bunch of pawns for the piece, but the pair of bishops seems
pretty strong. Since Black can play Qa8! and unpin himself, I'd take Black in
this position.}) 29... fxg5 30. Bg3 {Black's king is a little open, but the e5
pawn is now a clear target. The pair of bishops are quickly gaining scope and
White has to be careful.} Bg7 31. Bh2 Rf8 32. Qe2 Rf2 33. Qe1 {The rook
penetrates, but not with decisive effect. Actually it needs a lot of support.
Since the other rook is on a6, it doesn't seem like it will get it any time
soon. Black continues forward on the kingside.} g4 (33... Qe7 34. Rd4 Rf4 $5
35. Nxd5 cxd5 36. Bxf4 gxf4 37. Rxd5 Ng5 {is another crazy line that is hard
to evaluate. The rook is finally coming into play and many sacrifices on h3
are threatened.}) 34. Rd4 $1 {A strong rook! This takes advantage of the
f2-rook being overextended, and forces it back.} Rf8 35. Rad1 Qe8 36. Nxg4 Bf5
37. Nce3 Bg6 {White is up two pawns, but things are not easy yet. The knight
on g4 will be kicked to an awkward spot soon, and the bishops threaten to
become powerful. Once e5 falls, the activity could potentially outweigh the
pawn.} 38. Nf1 (38. c4 $1 {This move gave White the necessary counterplay to
counteract the bishops. With the center disintegrating, the knight on e5 loses
support and e5 will be defensible. However seeing this move with a few minutes
on the clock is not the easiest.}) 38... h5 39. Nge3 Ra7 $1 {I like this move.
It brings the rook back and prepares to swing it to the field of action.} 40.
Ng3 $1 Bxe5 41. Nxe4 {a forced continuation after Ng3.} Bxd4 42. cxd4 Qxe4 $6 {
The queen actually turns out to be badly placed on e4. The reason is that it
lacks movement, and e4 belongs to the bishop. Now Black's pieces become
awkward and it isn't easy to see how to coordinate them.} (42... Bxe4 43. Bd6
Rf6 44. Be5 Rg6 {was more logical. Chances are about even.}) 43. Be5 {White
controls the dark squares, which allows him to defend his kingside which seems
about to come under much pressure. He really is banking on the passed a-pawn
once he neutralizes the activity. White has more than enough compensation for
the sacrificed exchange, it is Black that needs to prove himself.} Kh7 44. Rc1
Raf7 45. Kh2 Rf2 {all very nice in appearance, but is there a real threat?
Morozevich says there isn't - and he is right.} 46. Rxc6 (46. a6 Ra2 47. a7
Rxa7 48. Rxc6 {was stronger but the move in the game is fine.}) 46... R8f3 {
The only way to continue. The knight is threatened and cannot move.} 47. Rc7+ (
47. Nc2 $2 Rxh3+ {with mate to follow.}) 47... Bf7 $4 {This move loses the
game. The reason is that there no longer is any threat on the e3-knight. It
was imperative to play ...Kh6.} (47... Kh6 48. Re7 Qh4 $1 49. Kh1 Rxh3+ 50.
gxh3 Qxh3+ 51. Kg1 Be4 52. Qc1 $1 Qh1+ 53. Kxf2 Qxc1 54. Bf4+ {is still
complex. But only a computer can see all this.}) 48. Kh1 {A weird looking move,
but it wins the game. Black has no moves, and the rook is now under attack.} (
48. a6 {was also possible.} Qxe3 49. Rxf7+ $18) 48... Rf1+ (48... Rxe3 49. Qxf2
$18) (48... Qxe3 49. Rxf7+ Kg6 50. Qxe3 $18) (48... Rxh3+ 49. Kg1 {is
completely winning for White.}) 49. Qxf1 Rxf1+ 50. Nxf1 {Black is at a
material disadvantage, and the queen cannot create any play by herself. This
leaves her powerless against the passed a-pawn.} Kg6 51. Rc6+ Kh7 52. Ng3 Qb1+
53. Kh2 h4 54. Ne2 Qxb4 55. Rc7 Kg8 56. a6 {Despite the wild nature of the
game, it is hard to improve with too many wild tactical variations. Black's
fatal mistake of interposing with the bishop cost him the game. It would have
been a very different story had he played Kh6.} 1-0

[Event "Interzonal-15"]
[Site "Manila"]
[Date "1990.??.??"]
[Round "4"]
[White "Sokolov, Andrei"]
[Black "Marin, Mihail"]
[Result "1-0"]
[WhiteElo "2570"]
[BlackElo "2485"]
[Annotator "Rodriguez,Am"]
[PlyCount "73"]
[EventDate "1990.06.29"]
[EventType "swiss"]
[EventRounds "13"]
[EventCountry "PHI"]
[SourceTitle "CBM 019"]
[Source "ChessBase"]
[SourceDate "1990.12.01"]
[SourceVersion "1"]
[SourceVersionDate "1990.12.01"]
[SourceQuality "1"]

1. e4 e5 2. Nf3 Nc6 3. Bb5 a6 4. Ba4 Nf6 5. O-O Nxe4 6. d4 b5 7. Bb3 d5 8. dxe5
Be6 9. Be3 Nc5 10. Qe2 Be7 11. Rd1 O-O 12. Nc3 Nxb3 13. cxb3 Qd7 14. Rd2 Rad8
$5 (14... Na5 15. Ne4 $14) (14... f6) 15. Rad1 Rfe8 16. h3 f6 17. Nxd5 Bxd5 18.
Rxd5 Qxd5 19. Rxd5 Rxd5 20. exf6 Bxf6 21. Qc2 $14 Ne5 $6 (21... Re6 $142) 22.
Nd2 Nd3 (22... c5 23. Qf5 $16) 23. Qc6 Rdd8 (23... Red8 24. Ne4 Bxb2 25. Qe6+
Kh8 26. Ng5 Ne5 27. Qf5 $18) 24. Qxa6 Nxb2 (24... Nxf2 25. Kxf2 Bh4+ 26. Ke2 $1
(26. g3 Bxg3+) (26. Kf3 Rd3) 26... Bg5 27. Nf1 $18) 25. Qxb5 Nd1 26. Nc4 Nxe3
27. Nxe3 Re7 28. a4 Rd2 29. a5 Ra2 30. b4 Ra1+ 31. Kh2 Rf7 32. Ng4 Be7 33. Ne5
Bd6 34. Qd5 $18 Bxe5+ 35. Qxe5 Rb1 36. a6 Rxb4 37. a7 1-0

[Event "EU-ch (Women) 20th"]
[Site "Antalya"]
[Date "2019.04.20"]
[Round "9"]
[White "Sebag, Marie"]
[Black "Khotenashvili, Bela"]
[Result "1-0"]
[WhiteElo "2461"]
[BlackElo "2479"]
[Annotator "Sebag,M"]
[PlyCount "165"]
[EventDate "2019.04.11"]
[EventType "swiss"]
[EventRounds "11"]
[EventCountry "TUR"]
[SourceTitle "CBM 190"]
[Source "ChessBase"]
[SourceDate "2019.06.30"]
[SourceVersion "1"]
[SourceVersionDate "2019.06.30"]
[SourceQuality "1"]

{This game was played in the 9th round. It was very important both for
qualification and podium. I managed to win, with a lot of difficulties.} 1. e4
e5 2. Nf3 Nc6 3. Bb5 {Coming back to the Ruy Lopez. I played the Four Knights
against her at the Cairns Cup 2019, and the game ended in a draw. I have been
playing the Ruy Lopez since 2000!} a6 4. Ba4 Nf6 5. O-O Nxe4 {My opponent
played often the Spanish open like Mameydjarov.} 6. d4 b5 7. Bb3 d5 8. dxe5 Be6
9. Qe2 {I prepared this line in Paris. It's very interesting because White's
plays is very aggressive and tactical.} (9. c3) (9. Nbd2) ({and} 9. Be3 {
are the alternative systems.}) 9... Nc5 {The principal move.} (9... Be7) ({or} 
9... Bc5 {are the other main lines.}) 10. Rd1 Nxb3 11. cxb3 (11. axb3 {is far
more popular, for example} Be7 12. c4 b4 13. cxd5 Bxd5 14. Qd3 Be4 15. Qe2 Bd5
16. Qd3 Be4 17. Qe2 Bd5 18. Qd3 {1/2, Yu Yangyi-Wei Yi, Taizhou 2015,}) 11...
Be7 12. Nc3 O-O 13. h3 Qd7 14. Be3 f6 $146 {I didn't know this move. I think
it's a novelty, and it's actually very strong. I was thinking for a lot of
time now.} (14... Rad8 15. Rd2 f6 16. Rad1 ({In case of} 16. exf6 Bxf6 17. Re1
Rfe8 {the position is balanced.}) 16... Nxe5 17. Nxe5 fxe5 18. Nxd5 Bxd5 19.
Rxd5 Qxd5 20. Rxd5 Rxd5 21. Qc2 $1 {The best way to activate the queen.} c5 {
1-0 (46) Caruana,F (2807)-Giri,A (2769) Saint Louis 2016 CBM 174 [Szabo,Kr]})
15. exf6 Rxf6 16. Ng5 Rf5 17. Nxe6 Qxe6 18. Bf4 $1 Qf7 $5 (18... Qxe2 19. Nxe2
$16 {and the endgame is cleary better for White. Black's pawns are very weak.})
(18... Qd7 19. Bg3 $13 (19. g4 Rxf4 20. Nxd5 Rd4 21. Rxd4 Nxd4 22. Qe4 Bc5 23.
Ne7+ Qxe7 24. Qxa8+ Qf8 $17) (19. Qg4 h5 20. Qg3 Raf8 21. Ne2 Bc5 $17)) 19.
Bxc7 Bc5 (19... Bh4 20. Bg3 Re8 21. Qd2 Bxg3 22. fxg3 d4 23. Ne2 Rf2 24. Re1
Re3 25. Qc1 Rf6 26. Nf4 $13) 20. Bg3 Re8 21. Qd2 Rf8 22. Rf1 Nd4 23. b4 Bb6 24.
Rae1 $1 Rh5 {A tricky move.} 25. Qd3 (25. Re5 $2 Rxh3 26. Qd3 Nf3+ 27. Qxf3
Qxf3 28. gxf3 Rxg3+ $19) (25. Be5 {was my first idea, but I evaluated Black is
better after this line:} Nf3+ $3 26. gxf3 d4 $1 (26... Qg6+ 27. Kh2 Qf5 28.
Qxd5+ Rf7 29. Qa8+ $11) 27. Bxd4 (27. Ne4 Rxe5 $19) 27... Qg6+ 28. Kh2 Qf5)
25... Nc6 26. a3 (26. Nxb5 $5 axb5 27. Qxb5 Qb7 28. Bd6 Rxf2 29. Kh1 Qd7 30.
Qxb6 Rxf1+ 31. Rxf1 Qxd6 32. b5 Qg3 33. bxc6 Rxh3+ $11) 26... Rf5 27. Qd2 h6
28. Kh2 Kh8 29. Rd1 Nd4 30. Ne2 (30. Rfe1 $1 Ne6 31. Nxd5 Bxf2 32. Bxf2 Rxf2
33. Re2 $14) 30... Ne6 {Now we had two minutes left for playing 8 moves...} 31.
f4 (31. f3 Ng5 32. Rfe1 Rxf3 33. Qxd5 Qh5 $13) 31... Ng5 $1 (31... g5 32. Qc3+
Kg8 33. Qc6 Bc7 34. fxg5 Rxf1 35. Rxf1 Qxf1 36. Qxe6+ Qf7 37. Qxa6 hxg5 38.
Qxb5 $13) 32. fxg5 (32. Qd3 Ne4 33. Be1 {was more quiet.}) 32... Rxf1 33. Rxf1
Qxf1 34. gxh6 Qf5 $1 35. Qc3 (35. Nd4 Qe4 36. hxg7+ Kxg7 37. Qg5+ Kh7 38. Be5
Qg6 39. Qe7+ Rf7 40. Qh4+ Qh6 41. Qg4 $11) 35... Rf7 36. hxg7+ Kg8 $2 (36...
Rxg7 37. Qc6 (37. Be5 Qxe5+ 38. Qxe5 Bc7 $1 $19) 37... Ba7 38. Qxa6 d4 39. Qd6
$11) 37. Qc6 Qe4 $2 {A blunder because of time trouble!} (37... Bc7 $1 38. Bxc7
Qc8 39. Ng3 Qxc7 40. Qxd5 Kxg7 $11) 38. Qxb6 $1 $18 Qxe2 39. Qb8+ Kxg7 40. Be5+
Kg6 41. Qg8+ Kh6 42. Qxf7 $18 Qxe5+ 43. Kg1 d4 44. Qf2 Qe4 45. Qd2+ Kg6 46. g4
Qe5 47. Qd3+ Kg7 48. Kg2 Qf4 49. Qe2 Qd6 50. Qd2 Qd5+ 51. Kf2 Qe5 52. Kf3 Qd5+
53. Kf4 Kf6 54. Qd3 Qe5+ 55. Kf3 Qd5+ 56. Kf2 Kg7 57. h4 Qd8 58. Kf3 Qd5+ 59.
Kf4 Qd6+ 60. Ke4 Qg6+ 61. Kxd4 Qd6+ 62. Kc3 Qc6+ 63. Kd2 Qh6+ 64. Qe3 Qxh4 65.
Qd4+ Kf7 66. Qd7+ Kf8 67. Qf5+ Kg7 68. Qf4 Qd8+ 69. Ke3 Qe7+ 70. Kd4 Qa7+ 71.
Kd5 Qd7+ 72. Kc5 Qe7+ 73. Kb6 Qe6+ 74. Kb7 Qd5+ 75. Kxa6 Qc6+ 76. Ka5 Qd5 77.
Qc7+ Kg8 78. Qb8+ Kg7 79. Qxb5 Qa8+ 80. Qa6 Qd8+ 81. Qb6 Qa8+ 82. Kb5 Qd5+ 83.
Qc5 {I am very happy to finish second in this tournament!} 1-0

[Event "Sinquefield Cup 4th"]
[Site "Saint Louis"]
[Date "2016.08.14"]
[Round "9"]
[White "Caruana, Fabiano"]
[Black "Giri, Anish"]
[Result "1-0"]
[WhiteElo "2807"]
[BlackElo "2769"]
[Annotator "Szabo,Kr"]
[PlyCount "91"]
[EventDate "2016.08.05"]
[EventType "tourn"]
[EventRounds "9"]
[EventCountry "USA"]
[EventCategory "22"]
[SourceTitle "CBM 174"]
[Source "ChessBase"]
[SourceDate "2016.09.13"]
[SourceVersion "1"]
[SourceVersionDate "2016.09.13"]
[SourceQuality "1"]

1. e4 e5 2. Nf3 Nc6 3. Bb5 a6 4. Ba4 Nf6 5. O-O Nxe4 {The Open Ruy Lopez is
very popular nowadays even on the top level too.} 6. d4 b5 7. Bb3 d5 8. dxe5
Be6 9. Qe2 (9. c3) (9. Nbd2) ({and} 9. Be3 {are the alternative systems.}) 9...
Nc5 (9... Be7) ({or} 9... Bc5 {are the other main lines.}) 10. Rd1 Nxb3 11.
cxb3 (11. axb3 {is far more popular, for example} Be7 12. c4 b4 13. cxd5 Bxd5
14. Qd3 Be4 15. Qe2 Bd5 16. Qd3 Be4 17. Qe2 Bd5 18. Qd3 {1/2 Yu Yangyi-Wei Yi,
Taizhou 2015, and a draw.}) 11... Be7 12. Nc3 O-O 13. Be3 Qd7 14. h3 $146 {
The first new move in the game.} (14. Rac1 Rad8 15. Bg5 Bxg5 16. Nxg5 h6 17.
Nf3 Rfe8 18. h3 d4 19. Ne4 Bd5 {A.Sokolov-Hellers, Stockholm 1989, and Black
looks fine.}) 14... Rad8 15. Rd2 f6 16. Rad1 ({In case of} 16. exf6 Bxf6 17.
Re1 Rfe8 {the position is balanced.}) 16... Nxe5 (16... fxe5 {is similar to
the text move,} 17. Nxd5 Bxd5 18. Rxd5 Qxd5 19. Rxd5 Rxd5 {should be an equal
position.}) 17. Nxe5 fxe5 18. Nxd5 Bxd5 19. Rxd5 Qxd5 20. Rxd5 Rxd5 21. Qc2 $1
{The best way to activate the queen.} c5 22. g3 (22. Qe4 {was the alternative
choice:} Rfd8 23. Qf5 R8d6 {.}) 22... Kh8 $6 {A dubious move, Black starts a
bad plan.} (22... g6 $1 {was correct followed by ...Rfd8.} 23. Qe4 Rfd8 24. h4
Bf6 $11 {and Black holds his position.}) 23. h4 Rfd8 24. Qe4 h6 $2 {A mistake,
now the light-squares are becoming weak on the kingside.} (24... g6 {was
important to avoid h5,} 25. Qg4 R5d6 26. Kg2 $14 {and still it won't be easy
to break Black's fortress.}) 25. Kg2 Bf6 26. Kh3 h5 27. a4 $1 {White tries to
weaken Black's queenside pawns.} (27. Qg6 e4 $1 {and still Black can hope to
survive.}) 27... Rd3 28. axb5 axb5 29. Qg6 e4 {Black tries to activate his
bishop.} (29... Rxb3 30. Qxh5+ Kg8 31. g4 $1 $18 {is also unpleasant for Black,
because he can't avoid g5-g6.}) 30. Qxh5+ Kg8 31. Qf5 Bxb2 32. Qxe4 c4 (32...
Rxb3 $4 {loses the rook after} 33. Qe6+ $18) ({Probably} 32... R3d5 {was
tougher, but} 33. Qe6+ Kh7 34. Bg5 R8d7 35. Qe2 Bd4 36. f4 {also looks
unpleasant for Black.}) 33. bxc4 bxc4 34. Qxc4+ R3d5 35. g4 $1 {The best move:
White puts his pawns on dark squares, so he limits the black bishop's moves.}
Kh8 36. g5 Bd4 37. Bxd4 Rxd4 38. Qf7 $1 $18 {The queen and two pawns are
winning against two rooks.} R8d7 ({In the event of} 38... R8d5 39. Kg3 Kh7 40.
f4 $18 {White wins easily.}) 39. Qe8+ Kh7 40. Qh5+ Kg8 41. g6 Re4 42. Qh7+ Kf8
43. Qh8+ Ke7 44. Qxg7+ Ke6 45. Qh8 Rd3+ 46. Kh2 {Nice game by Caruana!} 1-0

[Event "Brussels"]
[Site "Brussels"]
[Date "1987.04.22"]
[Round "10"]
[White "Tal, Mihail"]
[Black "Kortschnoj, Viktor Lvovich"]
[Result "1/2-1/2"]
[WhiteElo "2605"]
[BlackElo "2625"]
[Annotator "Tal,M"]
[PlyCount "47"]
[EventDate "1987.04.10"]
[EventType "tourn"]
[EventRounds "11"]
[EventCountry "BEL"]
[EventCategory "14"]
[SourceTitle "CBM 002"]
[Source "ChessBase"]
[SourceDate "1988.02.01"]
[SourceVersion "1"]
[SourceVersionDate "1988.02.01"]
[SourceQuality "1"]

1. e4 e5 2. Nf3 Nc6 3. Bb5 a6 4. Ba4 Nf6 5. O-O Nxe4 6. d4 b5 7. Bb3 d5 8. dxe5
Be6 9. Qe2 Bc5 10. Be3 O-O 11. Nbd2 (11. Rd1 d4 (11... f5 $5) 12. Nc3 dxe3 $5
$13) 11... Re8 $146 {[%csl Re5][%cal Ye6g4]} (11... Nxd2 12. Qxd2 d4 13. Bg5
Qd7 14. Rad1 $2 (14. Qf4 $1) 14... Bg4 15. Qf4 Rae8 $17 {Ivkov,B-Fuderer,A /
Zagreb 1949, YUG-ch / 0-1 (36)}) 12. Nxe4 dxe4 13. Bxe6 fxe6 (13... exf3 14.
Bxf7+ $18) (13... Rxe6 14. Ng5 (14. Bxc5 exf3 15. Qxf3 Nxe5) 14... Rxe5 15. Qh5
Bxe3 (15... Rxg5 $8) 16. Qxh7+ Kf8 17. Nxf7 $1 $18) 14. Ng5 (14. Bxc5 exf3 15.
Qxf3 Nxe5 16. Qe4 Qd5) 14... Bxe3 15. Qxe3 Nxe5 16. Rad1 Qe7 17. Nxe4 (17. Nxh7
$5 Kxh7 (17... Qh4 18. Qg5 $1 Nf3+ 19. gxf3 Qxh7 20. fxe4 Qxe4 21. Rd7) (17...
Nc4 $1 18. Qxe4 Nxb2 $1 19. Rde1 Nc4 {[%csl Rf1][%cal Yc4d2]}) 18. Qxe4+ Ng6
19. Rd3 Qg5 20. Rh3+ Kg8 21. Rg3 Qf5 22. Qxf5 exf5 23. Rxg6 Re2 $140 24. Rc6)
17... Nc4 18. Qg3 Rad8 (18... Nxb2 $4 19. Rd7) 19. b3 Nb6 20. Rfe1 $6 (20. Qc3
Rd5 $14) 20... Nd5 (20... Rd5 21. Rxd5 exd5 $2 22. Nf6+) 21. Qg4 (21. Qe5 Nb4
$1 $13) 21... e5 22. g3 c6 23. Qe2 Nf6 24. Rxd8 1/2-1/2